000 01080nam a2200277 a 4500
008
020 _a0850923751 (pbk.)
049 _aMAIN
090 _aHD82
_bCHA
245 0 0 _aChange for the better :
_bglobal change and economic development :
_breport /
_cby a commonwealth group of experts on the impact of global economic and political change on the development process /
_cArthur Brown... [et al.].
246 3 0 _aGlobal change and economic development.
260 _aLondon :
_bEconomic Affairs Division, Commonwealth Secretariat,
_c1991
300 _ax, 189 p. ;
_c21 cm.
504 _aIncludes bibliographical references.
650 0 _aEconomic policy.
650 0 _aTechnological innovations
_xManagement.
650 0 _aEconomic development.
651 0 _aDeveloping countries
_xEconomic conditions.
651 0 _aDeveloping countries
_xEconomic policy.
700 1 _aBrown, G. Arthur.
907 _a.b1003755x
_b21-03-12
_c17-04-03
003
005 20230123133336.0
040 _cNUST
942 _cBOOKS
_kHD82
_mCHA
999 _c146946
_d146946